Perspectivas del trabajo social en Centroamérica /
El objetivo del artículo es prever el desarrollo futuro del Trabajo Social en la región centroamericana, para ello el autor se propone: a) revisar, rápidamente, la orientación que lleva la reflexión que el Trabajo Social intenta sobre su propia identidad; b) considerar el aparato de dominación como...
Gardado en:
| Autor Principal: | |
|---|---|
| Formato: | Libro |
| Idioma: | Spanish |
| Materias: | |
| Etiquetas: |
Engadir etiqueta
Sen Etiquetas, Sexa o primeiro en etiquetar este rexistro!
|
MARC
| LEADER | 00000nam a22000007a 4500 | ||
|---|---|---|---|
| 001 | 152 | ||
| 003 | cru CIDCACS/IIS | ||
| 005 | 20210512062538.0 | ||
| 008 | 190903b ||||| |||| 00| 0 spa d | ||
| 999 | |c 42308 |d 42308 | ||
| 040 | |c cru CIDCACS/IIS | ||
| 100 | 1 | |a Palma Rodríguez, Diego |9 8495 | |
| 245 | 1 | |a Perspectivas del trabajo social en Centroamérica / |c Diego Palma R. | |
| 300 | |a páginas 27-33 | ||
| 520 | |a El objetivo del artículo es prever el desarrollo futuro del Trabajo Social en la región centroamericana, para ello el autor se propone: a) revisar, rápidamente, la orientación que lleva la reflexión que el Trabajo Social intenta sobre su propia identidad; b) considerar el aparato de dominación como un condicionante de la evolución posible del Trabajo Social c) e identificar algunos nudos problemáticos que deben ser enfrentados y solucionados por la disciplina. RRH/OCTUBRE2012 | ||
| 650 | 0 | |9 850 |a TRABAJO SOCIAL | |
| 650 | 0 | |9 75 |a CIENCIAS SOCIALES | |
| 650 | 0 | |9 243 |a ESTADO | |
| 650 | 0 | |9 289 |a POLITICA SOCIAL | |
| 650 | 4 | |9 1933 |a CAMBIO SOCIAL | |
| 650 | 0 | |9 64 |a CAPITALISMO | |
| 651 | 0 | |9 308 |a CENTROAMERICA | |
| 773 | 0 | |0 18808 |9 3151 |a Asociación Latinoamericana de Escuelas de Trabajo Social |d Lima, Perú |o 02682 |t REVISTA ACCIÓN CRÍTICA | |
| 942 | |2 ddc |c PP | ||
